[Event "European Blitz Championship 2021"]
[Site "Katowice"]
[Date "2021.12.17"]
[Round "22.5"]
[White "Tazbir, Marcin"]
[Black "Wieczorek, Oskar"]
[Result "1/2-1/2"]
[WhiteElo "2508"]
[BlackElo "2258"]
[Annotator "ChessBase"]
[PlyCount "112"]
[EventDate "2021.12.17"]
[EventType "swiss"]
[EventCountry "POL"]
[SourceTitle "playchess.com"]
[Source "ChessBase"]
[SourceQuality "1"]

1. c4 e6 2. g3 d5 3. Bg2 Nf6 4. Nf3 Be7 5. O-O O-O 6. Qc2 c5 7. cxd5 Nxd5 8.
Nc3 Nc6 9. b3 b6 10. Nxd5 exd5 11. d4 Ba6 12. dxc5 bxc5 13. Rd1 Rc8 14. Bb2 Re8
15. e3 Bf8 16. Qd2 c4 17. Bc3 Qc7 18. Qxd5 Rcd8 19. Qf5 Rxd1+ 20. Rxd1 cxb3 21.
axb3 Rc8 22. Ba1 Nb4 23. Nd4 Qc1 24. Bf3 Qc7 25. Qb1 Bb7 26. Bxb7 Qxb7 27. Qf5
a6 28. Qf3 Qb8 29. Kg2 Rd8 30. Rc1 a5 31. Rc4 Nd5 32. Nc6 Qxb3 33. Rd4 Rc8 34.
Rxd5 Rxc6 35. Rd8 Rc1 36. Bxg7 Kxg7 37. Qg4+ Kf6 38. Qh4+ Ke6 39. Qe4+ Kf6 40.
Rxf8 Qd1 41. Kh3 Qh5+ 42. Kg2 Qd1 43. Qh4+ Kg7 44. Rb8 Qf1+ 45. Kf3 Qd1+ 46.
Kg2 Qf1+ 47. Kf3 Qd1+ 48. Kg2 Qf1+ 49. Kf3 Qh1+ 50. Kg4 Qe4+ 51. f4 Qe6+ 52.
Kf3 Qd5+ 53. Kg4 Qe6+ 54. Kf3 Qd5+ 55. Kg4 Qe6+ 56. Kf3 Qd5+ 1/2-1/2

[Event "European Blitz Championship 2021"]
[Site "Katowice"]
[Date "2021.12.17"]
[Round "22.5"]
[White "Kulon, Klaudia"]
[Black "Zylka, Stanislaw"]
[Result "0-1"]
[WhiteElo "2265"]
[BlackElo "2143"]
[Annotator "NA"]
[PlyCount "90"]
[EventDate "2021.12.17"]
[EventType "swiss"]
[EventCountry "POL"]
[SourceTitle "playchess.com"]
[Source "ChessBase"]
[SourceQuality "1"]

1. c4 Nf6 2. g3 g6 3. Bg2 Bg7 4. Nc3 O-O 5. e3 c6 6. Nge2 d5 7. cxd5 cxd5 8. d4
Nc6 9. O-O b6 10. h3 Bb7 11. b3 Rc8 12. Ba3 Re8 13. Rc1 Ba6 14. Re1 e6 15. Qd2
Ne7 16. g4 h5 17. g5 Nh7 18. h4 Nf5 19. f4 Nxh4 20. Bh1 f6 21. gxf6 Nxf6 22.
Ng3 Ng4 23. Nce2 Nf5 24. Rxc8 Bxc8 25. Nxf5 gxf5 26. Ng3 Qh4 27. Nf1 Ba6 28.
Bg2 Bxf1 29. Kxf1 Qg3 30. Bh1 Rc8 31. Bb4 a5 32. Ba3 Kf7 33. Re2 Bf6 34. Bb2
Be7 35. a3 a4 36. b4 Rc4 37. Ba1 h4 38. Bb2 h3 39. Ba1 h2 40. Bg2 Rc8 41. Qe1
Qxe1+ 42. Rxe1 Rc2 43. Re2 Rc1+ 44. Re1 Nxe3+ 45. Kf2 Rxe1 0-1

[Event "European Blitz Championship 2021"]
[Site "Katowice"]
[Date "2021.12.17"]
[Round "22.6"]
[White "Danielyan, Vahe"]
[Black "Bernadskiy, Vitaliy"]
[Result "1/2-1/2"]
[WhiteElo "2332"]
[BlackElo "2592"]
[Annotator "ChessBase"]
[PlyCount "179"]
[EventDate "2021.12.17"]
[EventType "swiss"]
[EventCountry "POL"]
[SourceTitle "playchess.com"]
[Source "ChessBase"]
[SourceQuality "1"]

1. e4 c6 2. Nc3 d5 3. Nf3 dxe4 4. Nxe4 Nf6 5. Ng3 g6 6. Be2 Bg7 7. O-O c5 8. h3
Nc6 9. a3 O-O 10. Rb1 a5 11. Bb5 Na7 12. Bc4 b5 13. Be2 Bb7 14. b4 axb4 15.
axb4 c4 16. d4 Nd5 17. Bd2 Nc6 18. Ne4 Nxd4 19. Nxd4 Bxd4 20. Bh6 Bg7 21. Bxg7
Kxg7 22. Nc5 Nc3 23. Qe1 Nxb1 24. Nxb7 Qd2 25. Bf3 Qxe1 26. Rxe1 Nd2 27. Bc6
Ra4 28. c3 Rb8 29. Rxe7 Ra6 30. Bd5 Rf6 31. Nc5 Rd8 32. Bb7 Nb1 33. Ne4 Re6 34.
Rc7 Rxe4 35. Bxe4 Nxc3 36. Bc6 Kf6 37. f3 Rd1+ 38. Kf2 Rb1 39. Be8 Rxb4 40.
Rxf7+ Ke6 41. Rxh7 Rb2+ 42. Kg3 Ne2+ 43. Kg4 c3 44. Bxg6 b4 45. Rc7 b3 46. Bd3
c2 47. Bxe2 Kd6 48. Rc3 Rb1 49. Bc4 c1=Q 50. Rxc1 Rxc1 51. Bxb3 Rc3 52. Bf7 Rc7
53. Bg6 Ke5 54. h4 Kf6 55. h5 Rc4+ 56. f4 Rc3 57. g3 Rc1 58. Bf5 Rg1 59. h6 Rh1
60. h7 Kg7 61. Kg5 Ra1 62. g4 Ra5 63. Kh4 Ra4 64. Kg3 Ra3+ 65. Kh4 Ra4 66. Kg3
Ra3+ 67. Kf2 Ra4 68. Ke3 Ra1 69. Bd3 Rg1 70. Kf3 Rd1 71. Be4 Rf1+ 72. Kg3 Rg1+
73. Kh4 Re1 74. Bf5 Ra1 75. g5 Rg1 76. Be4 Re1 77. Bd3 Rd1 78. Bf5 Rg1 79. Kh5
Rh1+ 80. Kg4 Rf1 81. Be4 Re1 82. Bd3 Rd1 83. Bg6 Rd4 84. Kg3 Ra4 85. f5 Ra5 86.
f6+ Kh8 87. f7 Ra8 88. Kh4 Kg7 89. Kh5 Rf8 90. Be4 1/2-1/2

[Event "European Blitz Championship 2021"]
[Site "Katowice"]
[Date "2021.12.17"]
[Round "22.6"]
[White "Szczurek, Krzysztof"]
[Black "Kowalczyk, Rafal"]
[Result "0-1"]
[WhiteElo "2088"]
[BlackElo "2252"]
[Annotator "NA"]
[PlyCount "152"]
[EventDate "2021.12.17"]
[EventType "swiss"]
[EventCountry "POL"]
[SourceTitle "playchess.com"]
[Source "ChessBase"]
[SourceQuality "1"]

1. e4 e5 2. Nf3 Nc6 3. Bc4 Nf6 4. d3 Be7 5. c3 O-O 6. Nbd2 d6 7. Bb3 Na5 8. Bc2
c5 9. Nf1 Nc6 10. Ng3 d5 11. Qe2 Re8 12. O-O h6 13. h3 Bf8 14. Nh4 g6 15. Bb3
Na5 16. Bc2 b5 17. Bd2 dxe4 18. dxe4 Nc4 19. Bc1 Nd6 20. Nf3 Bb7 21. Bd2 Nc4
22. Bc1 a5 23. b3 Nd6 24. Bb2 c4 25. Rfd1 Qb6 26. Bc1 Rad8 27. Rb1 Qc6 28. bxc4
Nxc4 29. Bd3 Ba6 30. Bxc4 bxc4 31. Be3 Rd3 32. Rb6 Qd7 33. Rxd3 cxd3 34. Qd2
Re6 35. Nxe5 Rxe5 36. Rxa6 Nxe4 37. Nxe4 Rxe4 38. Rxa5 Bg7 39. a4 Rc4 40. Ra8+
Kh7 41. Ra7 Qd5 42. Bd4 Bxd4 43. cxd4 Rxd4 44. a5 Rc4 45. Re7 Rc2 46. Qf4 Kg7
47. Re1 d2 48. Rd1 Ra2 49. a6 Qa5 50. a7 Qxa7 51. Rxd2 Ra1+ 52. Kh2 Ra4 53.
Qe5+ f6 54. Qe6 Rd4 55. Re2 Rd7 56. Qe8 Qc7+ 57. g3 Rf7 58. Ra2 Qb6 59. Qe2 Qc5
60. Rc2 Qa7 61. Ra2 Qd4 62. Rd2 Qc5 63. Rc2 Qg5 64. Rb2 h5 65. Rb5 Qc1 66. Rb8
Qc5 67. Rb2 Qc7 68. Qf3 h4 69. Re2 hxg3+ 70. Qxg3 Qb7 71. h4 Qd5 72. Qg2 Qh5
73. Qe4 Rd7 74. Rb2 Qc5 75. Qf3 Qe5+ 76. Qg3 Qxb2 0-1

[Event "European Blitz Championship 2021"]
[Site "Katowice"]
[Date "2021.12.17"]
[Round "22.7"]
[White "Kowalski, Igor"]
[Black "Pultinevicius, Paulius"]
[Result "1-0"]
[WhiteElo "2276"]
[BlackElo "2546"]
[Annotator "ChessBase"]
[PlyCount "35"]
[EventDate "2021.12.17"]
[EventType "swiss"]
[EventCountry "POL"]
[SourceTitle "playchess.com"]
[Source "ChessBase"]
[SourceQuality "1"]

1. d4 Nf6 2. Nf3 g6 3. Nc3 d5 4. Bf4 Bg7 5. e3 O-O 6. h4 Bg4 7. Be2 Bxf3 8.
Bxf3 h5 9. g4 hxg4 10. Bxg4 c5 11. h5 gxh5 12. Bxh5 Nc6 13. Rg1 Kh8 14. Qf3 Nh7
15. Qh3 e6 16. Rh1 Kg8 17. Be2 Nf6 18. Bh6 1-0

[Event "European Blitz Championship 2021"]
[Site "Katowice"]
[Date "2021.12.17"]
[Round "22.7"]
[White "Budzisz, Adrian"]
[Black "Stefansson, Hannes"]
[Result "1-0"]
[WhiteElo "1985"]
[BlackElo "2519"]
[Annotator "ChessBase"]
[PlyCount "79"]
[EventDate "2021.12.17"]
[EventType "swiss"]
[EventCountry "POL"]
[SourceTitle "playchess.com"]
[Source "ChessBase"]
[SourceQuality "1"]

1. e4 c5 2. Nc3 Nc6 3. Bb5 g6 4. Bxc6 dxc6 5. d3 Bg7 6. Be3 b6 7. Qd2 h6 8. f4
f5 9. Nf3 fxe4 10. dxe4 Qxd2+ 11. Bxd2 Nf6 12. Ne5 b5 13. Nxg6 b4 14. Na4 Nxe4
15. Nxh8 Bxh8 16. Be3 c4 17. O-O-O Bg4 18. Rde1 Rd8 19. Nc5 Nxc5 20. Bxc5 c3
21. Rxe7+ Kf8 22. Rd7+ Ke8 23. Rxd8+ Kxd8 24. Bxb4 cxb2+ 25. Kb1 Bf5 26. Ba3
Bf6 27. Bxb2 Be7 28. Be5 h5 29. Kb2 Kc8 30. Re1 Bc5 31. Bc3 Bd6 32. g3 a6 33.
Re8+ Kb7 34. Be5 Bc5 35. Rh8 Bg4 36. h3 Bxh3 37. Rxh5 Bg4 38. Rh7+ Kb6 39. Rg7
Bf3 40. f5 1-0

[Event "European Blitz Championship 2021"]
[Site "Katowice"]
[Date "2021.12.17"]
[Round "22.8"]
[White "Balog, Imre"]
[Black "Lewtak, Damian"]
[Result "1-0"]
[WhiteElo "2573"]
[BlackElo "2203"]
[Annotator "ChessBase"]
[PlyCount "91"]
[EventDate "2021.12.17"]
[EventType "swiss"]
[EventCountry "POL"]
[SourceTitle "playchess.com"]
[Source "ChessBase"]
[SourceQuality "1"]

1. d4 g6 2. Nf3 Bg7 3. e4 d6 4. Bc4 b6 5. Qe2 Bb7 6. O-O h6 7. e5 d5 8. Bb5+ c6
9. Bd3 e6 10. c4 Ne7 11. Nc3 Nd7 12. cxd5 Nxd5 13. Ne4 O-O 14. h4 c5 15. h5
cxd4 16. Nd6 Nxe5 17. Nxb7 Nxf3+ 18. Qxf3 Qc7 19. hxg6 Qxb7 20. Qh3 fxg6 21.
Qxe6+ Qf7 22. Qxg6 Qxg6 23. Bxg6 Nf4 24. Be4 Rae8 25. Bc6 Ne2+ 26. Kh2 Re5 27.
Bf3 d3 28. Rd1 Rff5 29. Rxd3 Nxc1 30. Rxc1 Rc5 31. Rd8+ Rf8 32. Rxc5 bxc5 33.
Rd7 a5 34. b3 Re8 35. Ra7 Bc3 36. Bd5+ Kh8 37. Bc4 Rd8 38. f3 Rd2 39. a4 Be5+
40. Kh3 Rd4 41. Rxa5 Bd6 42. Ra7 h5 43. Rd7 Rd1 44. g3 h4 45. gxh4 Rd2 46. a5
1-0

[Event "European Blitz Championship 2021"]
[Site "Katowice"]
[Date "2021.12.17"]
[Round "22.8"]
[White "Gretarsson, Helgi Ass"]
[Black "Bogdanov, Ignat"]
[Result "1/2-1/2"]
[WhiteElo "2476"]
[BlackElo "2116"]
[Annotator "ChessBase"]
[PlyCount "125"]
[EventDate "2021.12.17"]
[EventType "swiss"]
[EventCountry "POL"]
[SourceTitle "playchess.com"]
[Source "ChessBase"]
[SourceQuality "1"]

1. d4 d5 2. c4 dxc4 3. e4 c5 4. d5 e6 5. Bxc4 exd5 6. Bxd5 Nc6 7. Nc3 Nf6 8.
Bxc6+ bxc6 9. Qxd8+ Kxd8 10. Bg5 Kc7 11. O-O-O Be6 12. Bf4+ Kb7 13. h3 Be7 14.
Bd6 Bxd6 15. Rxd6 Rad8 16. Rxd8 Rxd8 17. Nge2 Bc4 18. Ng3 g6 19. Re1 Kc7 20. f3
Nd7 21. b3 Be6 22. f4 Nb6 23. Kc2 a5 24. f5 Bc8 25. Rf1 gxf5 26. Nxf5 Be6 27.
g4 c4 28. Ng7 cxb3+ 29. axb3 Rd7 30. Rf6 Re7 31. Nf5 Bxf5 32. exf5 Nd7 33. Rh6
f6 34. h4 Rg7 35. Kd2 Rxg4 36. Rxh7 Rf4 37. Ne2 Rxf5 38. Nd4 Rd5 39. Kc3 Kd6
40. Rh8 c5 41. Nc2 Rf5 42. Ne3 Rf3 43. Kd2 Rf2+ 44. Kd3 Ne5+ 45. Ke4 Rh2 46.
Nf5+ Kc7 47. Kd5 Rh3 48. h5 Rxb3 49. Kxc5 Rc3+ 50. Kd4 Rh3 51. h6 Ng4 52. h7
Kb7 53. Nd6+ Ka7 54. Kc5 Ne5 55. Nb5+ Kb7 56. Nd6+ Ka7 57. Ne4 Nf7 58. Rf8 Rxh7
59. Nxf6 Ne5 60. Nxh7 Nd7+ 61. Kb5 Nxf8 62. Nxf8 a4 63. Kxa4 1/2-1/2

[Event "European Blitz Championship 2021"]
[Site "Katowice"]
[Date "2021.12.17"]
[Round "22.9"]
[White "Walter, Szymon"]
[Black "Janik, Igor"]
[Result "1/2-1/2"]
[WhiteElo "2277"]
[BlackElo "2508"]
[Annotator "ChessBase"]
[PlyCount "126"]
[EventDate "2021.12.17"]
[EventType "swiss"]
[EventCountry "POL"]
[SourceTitle "playchess.com"]
[Source "ChessBase"]
[SourceQuality "1"]

1. e4 c6 2. d4 d5 3. f3 e6 4. Nc3 Nf6 5. e5 Nfd7 6. f4 b5 7. Nf3 Nb6 8. Bd3 g6
9. O-O b4 10. Ne2 Ba6 11. Ng3 Be7 12. Qe2 Qc8 13. Bd2 Bxd3 14. cxd3 N8d7 15.
Kh1 h5 16. Kg1 Qa6 17. Nh1 c5 18. dxc5 Bxc5+ 19. Be3 Rc8 20. Nf2 Bxe3 21. Qxe3
Na4 22. Rac1 O-O 23. g4 Rxc1 24. Rxc1 Rc8 25. Rxc8+ Qxc8 26. gxh5 gxh5 27. f5
Qf8 28. f6 Kh8 29. Qxa7 Nab6 30. Qc7 Qa8 31. Ng5 Kg8 32. Qd6 Qf8 33. Qxf8+ Kxf8
34. Nf3 Na4 35. Nd1 Ndc5 36. Ne1 b3 37. axb3 Nxb3 38. Kf2 Nd4 39. Nf3 Nb3 40.
Kg3 Nbc5 41. Kh4 Nxd3 42. Kxh5 Naxb2 43. Nxb2 Nxb2 44. Kg5 Nc4 45. h4 Kg8 46.
h5 Ne3 47. h6 Nf5 48. Kh5 d4 49. Ng5 d3 50. h7+ Kh8 51. Nxf7+ Kxh7 52. Ng5+ Kg8
53. Nf3 Nd4 54. Nd2 Nc6 55. Kg5 Nxe5 56. Kf4 Nd7 57. Ke4 Kf7 58. Kxd3 Kxf6 59.
Ke3 Ke5 60. Nf3+ Kd5 61. Ng5 e5 62. Nf3 Nc5 63. Nxe5 Kxe5 1/2-1/2

[Event "European Blitz Championship 2021"]
[Site "Katowice"]
[Date "2021.12.17"]
[Round "22.9"]
[White "Froewis, Annika"]
[Black "Papasimakopoulos, Alexandros"]
[Result "0-1"]
[WhiteElo "2100"]
[BlackElo "2394"]
[Annotator "NA"]
[PlyCount "84"]
[EventDate "2021.12.17"]
[EventType "swiss"]
[EventCountry "POL"]
[SourceTitle "playchess.com"]
[Source "ChessBase"]
[SourceQuality "1"]

1. d4 e6 2. e4 d5 3. Nc3 Bb4 4. e5 b6 5. a3 Bf8 6. h4 h5 7. g3 Ba6 8. Bh3 c5 9.
Be3 cxd4 10. Bxd4 Nc6 11. Nf3 Nxd4 12. Nxd4 Qd7 13. Qf3 Ne7 14. g4 hxg4 15.
Bxg4 Ng6 16. Qg3 O-O-O 17. Bxe6 fxe6 18. Qxg6 Rh6 19. Qg3 Bc5 20. O-O-O Rf8 21.
f4 Qf7 22. b4 Be7 23. Nce2 Bxe2 24. Nxe2 Rfh8 25. Rd3 Rxh4 26. Rxh4 Rxh4 27.
Rc3+ Kb8 28. Qd3 Rh8 29. Qa6 Rd8 30. Nd4 Qxf4+ 31. Kb2 Qxd4 32. Kb3 Qxe5 33.
Qb5 Qd6 34. a4 d4 35. Rf3 Qd5+ 36. Qxd5 Rxd5 37. Kc4 Bf6 38. Rf4 Kc7 39. b5 Kd6
40. Rg4 Rc5+ 41. Kd3 Rc3+ 42. Kd2 Ra3 0-1

[Event "European Blitz Championship 2021"]
[Site "Katowice"]
[Date "2021.12.17"]
[Round "22.10"]
[White "Keinanen, Toivo"]
[Black "Sharankov, Grigory"]
[Result "1-0"]
[WhiteElo "2358"]
[BlackElo "2238"]
[Annotator "NA"]
[PlyCount "41"]
[EventDate "2021.12.17"]
[EventType "swiss"]
[EventCountry "POL"]
[SourceTitle "playchess.com"]
[Source "ChessBase"]
[SourceQuality "1"]

1. d4 e6 2. e4 d5 3. exd5 exd5 4. Nf3 c5 5. Bb5+ Nc6 6. O-O c4 7. Ne5 Bd7 8.
Re1 Be7 9. Bxc6 bxc6 10. Qh5 g6 11. Qf3 f6 12. Nxd7 Qxd7 13. b3 cxb3 14. axb3
Kf7 15. c4 Bb4 16. Bd2 Bxd2 17. Nxd2 Ne7 18. cxd5 cxd5 19. Ra6 Nf5 20. g4 Qb5
21. Ree6 1-0

[Event "European Blitz Championship 2021"]
[Site "Katowice"]
[Date "2021.12.17"]
[Round "22.10"]
[White "Kalogeris, Ioannis"]
[Black "Czernek, Tymon"]
[Result "1-0"]
[WhiteElo "2287"]
[BlackElo "2197"]
[Annotator "NA"]
[PlyCount "77"]
[EventDate "2021.12.17"]
[EventType "swiss"]
[EventCountry "POL"]
[SourceTitle "playchess.com"]
[Source "ChessBase"]
[SourceQuality "1"]

1. e4 c5 2. Nf3 d6 3. Nc3 Nf6 4. Bc4 e6 5. O-O Be7 6. d3 O-O 7. Bf4 Nc6 8. a4
Qb6 9. Nb5 Na5 10. e5 dxe5 11. Bxe5 Nxc4 12. dxc4 Ne8 13. a5 Qc6 14. Qd3 a6 15.
Nc3 b6 16. axb6 Bb7 17. Na4 Nf6 18. b3 Rfd8 19. Qe2 Nd7 20. Bc7 Re8 21. Rad1
Bf8 22. Qe3 e5 23. Rd2 e4 24. Ng5 h6 25. Nh3 Nf6 26. Nf4 Ng4 27. Qg3 e3 28.
fxe3 Nxe3 29. Rff2 Nxc4 30. bxc4 Qxa4 31. Nd5 Re1+ 32. Rf1 Rxf1+ 33. Kxf1 Qxc4+
34. Qd3 Bxd5 35. Qxc4 Bxc4+ 36. Kf2 Bb5 37. b7 Bc6 38. bxa8=Q Bxa8 39. Rd8 1-0

[Event "European Blitz Championship 2021"]
[Site "Katowice"]
[Date "2021.12.17"]
[Round "22.11"]
[White "Kastelik, Adrian"]
[Black "Sotsky, Alexander"]
[Result "1/2-1/2"]
[WhiteElo "2248"]
[BlackElo "2087"]
[Annotator "NA"]
[PlyCount "129"]
[EventDate "2021.12.17"]
[EventType "swiss"]
[EventCountry "POL"]
[SourceTitle "playchess.com"]
[Source "ChessBase"]
[SourceQuality "1"]

1. d4 d5 2. c4 e6 3. Nc3 f5 4. cxd5 exd5 5. Bf4 Nf6 6. Nf3 c6 7. e3 Bd6 8. Ne5
O-O 9. Bd3 Qe7 10. O-O Nbd7 11. Nxd7 Bxd7 12. Bxd6 Qxd6 13. f4 Rae8 14. Qd2 Ng4
15. Rf3 Re7 16. h3 Nf6 17. Rb1 Rfe8 18. b4 a6 19. a4 g6 20. b5 axb5 21. axb5
Re6 22. bxc6 Bxc6 23. Bb5 Ne4 24. Nxe4 Rxe4 25. Bd3 R4e6 26. Kf2 Qe7 27. Rg3
Qh4 28. Re1 Kh8 29. Kf3 Qh5+ 30. Kf2 Qh4 31. Kf3 Qh5+ 32. Kf2 Qh4 33. Re2 R6e7
34. Qe1 Qf6 35. Rf3 Qd6 36. g4 fxg4 37. hxg4 Qd7 38. Rg3 Bb5 39. Bxb5 Qxb5 40.
Rc2 Qd3 41. Qd2 Qe4 42. Rf3 Qe6 43. Kg3 Qd6 44. g5 Qa6 45. Qe2 Qa1 46. Kg2 Qa3
47. Kf2 Qd6 48. Rb2 Qe6 49. Rg3 Qe4 50. Qf3 Qd3 51. Rh3 b5 52. Re2 b4 53. Qxd5
b3 54. Rf3 b2 55. Rxb2 Rxe3 56. Kg2 Rxf3 57. Qxf3 Qxd4 58. Rf2 Qe4 59. Qxe4
Rxe4 60. Kf3 Ra4 61. Rc2 Ra7 62. Kg4 Kg7 63. Re2 Rb7 64. Re4 Ra7 65. f5 1/2-1/2

[Event "European Blitz Championship 2021"]
[Site "Katowice"]
[Date "2021.12.17"]
[Round "22.11"]
[White "Bjerre, Jonas"]
[Black "Durarbayli, Vasif"]
[Result "1-0"]
[WhiteElo "2201"]
[BlackElo "2629"]
[Annotator "RC"]
[PlyCount "105"]
[EventDate "2021.12.17"]
[EventType "swiss"]
[EventCountry "POL"]
[SourceTitle "playchess.com"]
[Source "ChessBase"]
[SourceQuality "1"]

1. e4 c5 2. Nf3 d6 3. Nc3 Nc6 4. Bb5 Bd7 5. O-O g6 6. Bxc6 Bxc6 7. d4 cxd4 8.
Qxd4 Nf6 9. Nd5 Bg7 10. Bg5 O-O 11. Bxf6 exf6 12. Qd2 Rc8 13. c3 Re8 14. Rfe1
Qa5 15. a3 f5 16. b4 Qd8 17. exf5 Bxd5 18. Qxd5 Bxc3 19. Rxe8+ Qxe8 20. Rd1 Rc6
21. Ng5 Kg7 22. fxg6 hxg6 23. h4 Bf6 24. g3 Bxg5 25. hxg5 Qe5 26. Qxe5+ dxe5
27. Rd3 Kf8 28. Re3 Re6 29. Rc3 e4 30. Kf1 a6 31. Ke2 a5 32. Rc5 axb4 33. axb4
b6 34. Rd5 Ke7 35. Ke3 Rc6 36. Kxe4 Rc4+ 37. Rd4 Rc2 38. f4 Ke6 39. g4 Re2+ 40.
Kd3 Rg2 41. Kc4 Rxg4 42. Kb5 f6 43. gxf6 Kxf6 44. Kxb6 Ke7 45. Kc5 Rg1 46. b5
Rc1+ 47. Kb6 Ke6 48. Kb7 Kf5 49. b6 Rb1 50. Kc7 Rc1+ 51. Kb8 Rb1 52. b7 Rc1 53.
Ra4 1-0

[Event "European Blitz Championship 2021"]
[Site "Katowice"]
[Date "2021.12.17"]
[Round "22.12"]
[White "Pakleza, Zbigniew"]
[Black "Niedbala, Bartlomiej"]
[Result "1-0"]
[WhiteElo "2496"]
[BlackElo "2179"]
[Annotator "ChessBase"]
[PlyCount "269"]
[EventDate "2021.12.17"]
[EventType "swiss"]
[EventCountry "POL"]
[SourceTitle "playchess.com"]
[Source "ChessBase"]
[SourceQuality "1"]

1. d4 Nf6 2. Nf3 b6 3. Bf4 Ba6 4. Nbd2 e6 5. h3 Be7 6. c4 O-O 7. e3 c5 8. Be2
cxd4 9. Nxd4 Nc6 10. Nb5 d6 11. O-O Bb7 12. Nf3 Ne8 13. Rc1 a6 14. Nc3 Nf6 15.
Qc2 d5 16. Rfd1 Qe8 17. Na4 Nb4 18. Qb3 dxc4 19. Rxc4 Bd5 20. Nxb6 Bxc4 21.
Bxc4 Ra7 22. a3 Nc6 23. Qa4 Ne4 24. b4 Nc3 25. Qc2 Nxd1 26. Qxd1 Qd8 27. Qxd8
Rxd8 28. Be2 a5 29. b5 Nb8 30. a4 Nd7 31. Nc4 Bb4 32. b6 Rb7 33. Bc7 Rc8 34.
Nd4 Rbxc7 35. bxc7 Rxc7 36. Kf1 Nc5 37. Nb5 Rc8 38. Bd1 Rd8 39. Ke2 g6 40. Bc2
Kg7 41. f4 h5 42. Nd4 Rc8 43. Nb6 Rb8 44. Nc4 Nd7 45. Bd3 Rc8 46. Nb5 Nc5 47.
Ncd6 Rd8 48. Bc2 Nxa4 49. Nc4 Nc3+ 50. Nxc3 Bxc3 51. Kf3 Ra8 52. Nb6 Ra6 53.
Na4 Bb4 54. g4 hxg4+ 55. hxg4 Rc6 56. Bd1 Rc1 57. Ke2 Ra1 58. Bc2 Rh1 59. g5
Rh2+ 60. Kd1 Rd2+ 61. Kc1 Re2 62. e4 Rf2 63. f5 gxf5 64. exf5 exf5 65. Nb6 Bd2+
66. Kd1 Bxg5 67. Nc4 f4 68. Be4 Rh2 69. Nxa5 Kf6 70. Nc6 Bh6 71. Ke1 Rb2 72.
Kf1 Rb6 73. Bf3 Bg5 74. Nd4 Rb1+ 75. Kg2 Rb2+ 76. Kh3 Ke5 77. Nc6+ Kd6 78. Nd4
Rb4 79. Ne2 f5 80. Nc1 Rc4 81. Nd3 Rc3 82. Be2 f3 83. Bf1 f2 84. Kg2 Be3 85.
Kf3 Bd4 86. Ke2 Rc8 87. Nf4 Re8+ 88. Kf3 Ba7 89. Bb5 Re3+ 90. Kg2 Re1 91. Bf1
Ra1 92. Nd3 Ke7 93. Ne5 Kf6 94. Nc6 Bb6 95. Nb4 Ra8 96. Nd5+ Ke5 97. Nxb6 Rb8
98. Nd7+ Kf4 99. Nxb8 Ke3 100. Nc6 f4 101. Ne5 Ke4 102. Nf3 Ke3 103. Ba6 Ke4
104. Kxf2 Kf5 105. Bd3+ Kg4 106. Ng1 Kg5 107. Kf3 Kh4 108. Kxf4 Kh5 109. Nf3
Kh6 110. Kf5 Kg7 111. Ng5 Kh8 112. Kf6 Kg8 113. Nf7 Kf8 114. Bh7 Ke8 115. Ne5
Kf8 116. Nd7+ Ke8 117. Ke6 Kd8 118. Kd6 Ke8 119. Bg6+ Kd8 120. Ne5 Kc8 121. Nc6
Kb7 122. Kc5 Kc7 123. Bf5 Kb7 124. Kd6 Kb6 125. Bd3 Kb7 126. Nd4 Kc8 127. Bb5
Kd8 128. Ne6+ Kc8 129. Bc6 Kb8 130. Kc5 Kc8 131. Kb6 Kb8 132. Bd7 Ka8 133. Nc5
Kb8 134. Na6+ Ka8 135. Bc6# 1-0

[Event "European Blitz Championship 2021"]
[Site "Katowice"]
[Date "2021.12.17"]
[Round "22.12"]
[White "Kowalczyk, Mariusz"]
[Black "Janaszak, Dawid"]
[Result "0-1"]
[WhiteElo "2070"]
[BlackElo "2328"]
[Annotator "NA"]
[PlyCount "48"]
[EventDate "2021.12.17"]
[EventType "swiss"]
[EventCountry "POL"]
[SourceTitle "playchess.com"]
[Source "ChessBase"]
[SourceQuality "1"]

1. e4 c5 2. c3 e5 3. Nf3 Nc6 4. d4 cxd4 5. cxd4 exd4 6. Nxd4 Bb4+ 7. Nc3 Nf6 8.
Nxc6 bxc6 9. Bd3 d5 10. exd5 Qe7+ 11. Kf1 O-O 12. a3 Bc5 13. b4 Bb6 14. d6 Qe5
15. Bb2 Ng4 16. Na4 Qf4 17. Qf3 Nxh2+ 18. Rxh2 Qxh2 19. Nxb6 axb6 20. Qxc6 Bg4
21. Ke1 Rfe8+ 22. Kd2 Qf4+ 23. Kc2 Rac8 24. b5 Qxd6 0-1

[Event "European Blitz Championship 2021"]
[Site "Katowice"]
[Date "2021.12.17"]
[Round "22.13"]
[White "Lubczynski, Rafal"]
[Black "Mirzoev, Emil"]
[Result "0-1"]
[WhiteElo "2361"]
[BlackElo "2474"]
[Annotator "ChessBase"]
[PlyCount "154"]
[EventDate "2021.12.17"]
[EventType "swiss"]
[EventCountry "POL"]
[SourceTitle "playchess.com"]
[Source "ChessBase"]
[SourceQuality "1"]

1. Nf3 Nf6 2. c4 e6 3. g3 a6 4. Bg2 b5 5. Qc2 Bb7 6. O-O c5 7. b3 Be7 8. Bb2
O-O 9. cxb5 axb5 10. a4 b4 11. d3 d5 12. Nbd2 Nc6 13. e4 Ba6 14. e5 Nd7 15.
Rfd1 Rc8 16. Nf1 Na5 17. Ne3 Nb6 18. Nd2 Qc7 19. Rac1 Qa7 20. Qb1 Rfd8 21. Bf1
Nc6 22. Nf3 d4 23. Nc4 Nd5 24. Re1 Nc3 25. Qc2 Bf8 26. Nfd2 Qb8 27. f4 Ne7 28.
Nd6 Rxd6 29. exd6 Qxd6 30. Nc4 Qc7 31. Bxc3 dxc3 32. Bg2 Nf5 33. Qd1 Rd8 34.
Qf3 Nd4 35. Qd1 Be7 36. Kh1 Bf6 37. Rf1 Nf5 38. Qe2 g6 39. Be4 Nd4 40. Qa2 Bg7
41. Rce1 h5 42. Bf3 Nxf3 43. Rxf3 Bb7 44. Qe2 c2 45. Rc1 Qc6 46. Kg2 Qxf3+ 47.
Qxf3 Bxf3+ 48. Kxf3 Rxd3+ 49. Ke2 Rxb3 50. Rxc2 Rb1 51. Nd2 Ra1 52. Rxc5 Rxa4
53. Rc8+ Kh7 54. Rc7 Bc3 55. Ne4 Ra2+ 56. Kd3 Kg8 57. Nxc3 bxc3 58. Kxc3 Rxh2
59. Kd4 h4 60. gxh4 Rxh4 61. Ke5 Kg7 62. Rb7 Rh1 63. Ke4 Re1+ 64. Kf3 Kf6 65.
Rb5 Rd1 66. Ke4 Rd5 67. Rb7 g5 68. fxg5+ Rxg5 69. Kf4 Ra5 70. Kg4 Ra4+ 71. Kh5
Rc4 72. Ra7 e5 73. Rb7 Rf4 74. Rc7 Ke6 75. Kg5 f6+ 76. Kg6 Rg4+ 77. Kh5 Rg1 0-1

[Event "European Blitz Championship 2021"]
[Site "Katowice"]
[Date "2021.12.17"]
[Round "22.13"]
[White "Hasterok, Mateusz"]
[Black "Brzezinski, Mateusz"]
[Result "0-1"]
[WhiteElo "2132"]
[BlackElo "2201"]
[Annotator "NA"]
[PlyCount "50"]
[EventDate "2021.12.17"]
[EventType "swiss"]
[EventCountry "POL"]
[SourceTitle "playchess.com"]
[Source "ChessBase"]
[SourceQuality "1"]

1. d4 Nf6 2. c4 g6 3. f3 e5 4. dxe5 Nh5 5. g3 Nc6 6. f4 f6 7. exf6 Nxf6 8. Bg2
Bc5 9. h3 Nh5 10. Qd3 Nb4 11. Qc3 Rf8 12. a3 Qe7 13. Bd2 Nc6 14. b4 Bd4 15. Qf3
Bxa1 16. b5 Nd4 17. Qd3 d5 18. Bxd5 Bf5 19. e4 O-O-O 20. Kf2 Rxd5 21. cxd5 Bxe4
22. Qc4 Bxh1 23. Bb4 Qe4 24. Bxf8 Qxb1 25. Ne2 Qc2 0-1

[Event "European Blitz Championship 2021"]
[Site "Katowice"]
[Date "2021.12.17"]
[Round "22.14"]
[White "Plat, Vojtech"]
[Black "Szpar, Milosz"]
[Result "0-1"]
[WhiteElo "2548"]
[BlackElo "2285"]
[Annotator "ChessBase"]
[PlyCount "47"]
[EventDate "2021.12.17"]
[EventType "swiss"]
[EventCountry "POL"]
[SourceTitle "playchess.com"]
[Source "ChessBase"]
[SourceQuality "1"]

1. e4 c5 2. Nf3 d6 3. c3 Nf6 4. Bc4 Nc6 5. d3 g6 6. O-O Bg7 7. h3 O-O 8. Re1 d5
9. exd5 Nxd5 10. Na3 b6 11. Nc2 Bb7 12. a4 Qd7 13. d4 cxd4 14. Ncxd4 Rad8 15.
Nxc6 Qxc6 16. Qe2 Qc7 17. Nd4 Qc8 18. Bb3 Nxc3 19. bxc3 Qxc3 20. Bb2 Qb4 21.
Qxe7 Rxd4 22. Bxd4 Qxe7 23. Rxe7 Bxd4 24. Rd1 0-1